000 00702nam a2200229Ia 4500
003 OSt
005 20220923220622.0
006 a|||||r|||| 00| 0
007 ta
008 220922b |||||||| |||| 00| 0 hin d
024 _a187,949
037 _cTextual
040 _aARTS
_cARTS
_bhin
041 _2hin
_ahin
082 _aV241:5:N5, 152J01
100 _aचौहान, शिवदानसिंह
_9156365
245 0 _aकाश्मीर
_b देश व संस्कृति
246 _aKāshmīra: desh v sanskṛuti
260 _c1950
942 _hV241:5:N5, 152J01
_cTEXL
_2CC
999 _c341025
_d341025